书目信息 |
| 题名: |
实用疟疾学
|
|
| 作者: | ;上海寄生虫病研究所虐疾研究室 编 | |
| 分册: | ||
| 出版信息: | 北京 人民卫生出版社 1978 |
|
| 页数: | 240页 | |
| 开本: | 26cm | |
| 丛书名: | ||
| 单 册: | ||
| 中图分类: | R531.3 | |
| 科图分类: | ||
| 主题词: | 疟疾 | |
| 电子资源: | ||
| ISBN: | 14048.3642 | |
| 000 | 00718nam0 2200241 450 | |
| 001 | 0178000781 | |
| 005 | 20100712215348.0 | |
| 010 | @a14048.3642@dCNY2.10 | |
| 091 | @a14048.3642 | |
| 100 | @a19950811d1978 em y0chiy0110 ea | |
| 101 | 0 | @achi |
| 102 | @aCN@b110000 | |
| 105 | @ay z 000yy | |
| 106 | @ar | |
| 200 | 1 | @a实用疟疾学@9Shi Yong Nue;Yao Ji Xue @f上海寄生虫病研究所疟疾研究室编 |
| 210 | @a北京@c人民卫生出版社@d1978 | |
| 215 | @a240页@d26cm | |
| 517 | 1 | @a疟疾学@9nue ji xue |
| 606 | 0 | @a疟疾 |
| 690 | @aR531.3@v3 | |
| 711 | 02 | @a上海寄生虫病研究所虐疾研究室@9shang hai ji sheng cong bing yan jiu suo nue ji yan jiu suo@4编 |
| 801 | 0 | @aCN@bAzMarc@c20130904 |
| 905 | @aBZT@dR531.3@e6@f7@sR531.3/6 | |
| 实用疟疾学/上海寄生虫病研究所疟疾研究室编.-北京:人民卫生出版社,1978 |
| 240页;26cm |
| ISBN 14048.3642:CNY2.10 |
| ● |
| 相关链接 |
|
|
|
正题名:实用疟疾学
索取号:R531.3/6
 
预约/预借
| 序号 | 登录号 | 条形码 | 馆藏地/架位号 | 状态 | 备注 |
| 1 | 2000149787 | 2000149787 | 旧书回溯/ [索取号:R531.3/6] | 在馆 | |
| 2 | 2000149788 | 2000149788 | 旧书回溯/ [索取号:R531.3/6] | 在馆 | |
| 3 | 2000149789 | 2000149789 | 旧书回溯/ [索取号:R531.3/6] | 在馆 | |
| 4 | 2000149796 | 2000149796 | 旧书回溯/ [索取号:R531.3/6] | 在馆 | |
| 5 | 2000149797 | 2000149797 | 旧书回溯/ [索取号:R531.3/6] | 在馆 | |
| 6 | 2000149798 | 2000149798 | 旧书回溯/ [索取号:R531.3/6] | 在馆 | |
| 7 | 2000149799 | 2000149799 | 旧书回溯/ [索取号:R531.3/6] | 在馆 |